| 000 | 00667cab a2200205 4500 | ||
|---|---|---|---|
| 001 | ABS37788 | ||
| 008 | 090401t1987 xxu||||| |||| 00| 0 eng d | ||
| 035 | _a(Sirsi) u6751 | ||
| 041 | _aeng | ||
| 100 | _aMacpherson, I. | ||
| 245 | _aReflecting on the past | ||
| 260 | _c1987 | ||
| 350 | _a0 | ||
| 490 |
_aBuilding _v252(25) 19 June 1987, 54-55(2) |
||
| 520 | _aIn his final article on Broadgate , the author claims that although the project has set new standards in speed and quality of work, there is still room for improvement. | ||
| 650 | _aFAST TRACK CONSTRUCTION | ||
| 690 | _aBUILT ENVIRONMENT-CONSTRUCTION DESIGN | ||
| 942 | _n0 | ||
| 948 | _c04/03/1997 | ||
| 999 |
_c4018 _d4018 |
||